| 000 | 00616nam a2200253Ia 4500 | ||
|---|---|---|---|
| 003 | OSt | ||
| 005 | 20220912153049.0 | ||
| 006 | a|||||r|||| 00| 0 | ||
| 007 | ta | ||
| 008 | 220909b |||||||| |||| 00| 0 eng d | ||
| 024 | _a22809 | ||
| 037 | _cTextual | ||
| 040 |
_aCSL _beng _cCSL |
||
| 041 | _aeng | ||
| 082 | _aY7:(R), M6 | ||
| 100 | _aPeacock James L | ||
| 245 | 0 | _aAnthropological lene: Harsh, light, soft focus | |
| 260 | _c1986 | ||
| 300 |
_ap. _ccm. |
||
| 650 | _a Philosophy | ||
| 650 | _aAnthropology | ||
| 942 |
_hY7:(R), M6 _cTEXL _2CC |
||
| 999 |
_c97533 _d97533 |
||